00545 2200205 4500001002100000005001500021035002000036245004700056100002400103250001200127300002300139700001600162260004000178082001200218084001800230020002200248650001400270008004100284990001400325INLIS00000000000205320260511023656 a0010-05260000061 aObservasi Psikologi /cSulisworo Kusdiyati0 aSulisworo Kusdiyati aCet III a147 hlm. ;c24 cm.0 aIrfan Fahmi aBandung :bRemaja Rosdakarya,c2017 a150.724 a150.724 SUL o a978-979-692-632-9 4aPsikologi260511 0 ind  a201700262